[Event "HUN-chT2 Barcza 1213"]
[Site "Hungary"]
[Date "2013.04.07"]
[Round "10.11"]
[White "Juhasz, Mihaly"]
[Black "Burinda, Gabor"]
[Result "0-1"]
[WhiteElo "2008"]
[BlackElo "1820"]
[PlyCount "74"]
[EventDate "2012.09.16"]
[EventType "team-tourn"]
[EventRounds "11"]
[EventCountry "HUN"]
[SourceTitle "EXT 2014"]
[Source "ChessBase"]
[SourceDate "2013.11.20"]
[SourceVersion "1"]
[SourceVersionDate "2013.11.20"]
[SourceQuality "1"]
[WhiteTeam "Debrecen Sakkiskola"]
[BlackTeam "Kazincbarcika"]
[WhiteTeamCountry "HUN"]
[BlackTeamCountry "HUN"]

1. d4 c5 2. dxc5 Nc6 3. Nf3 e5 4. e3 Nf6 5. Be2 Bxc5 6. 0-0 0-0 7. a3 a6 8. b4 Ba7 9. c4 d5 10. Bb2 e4 11. Nd4 Nxd4 12. Bxd4 Bxd4 13. Qxd4 dxc4 14. Bxc4 Qxd4 15. exd4 b5 16. Bb3 Rd8 17. Rd1 Bg4 18. Rd2 Rac8 19. h3 Be6 20. Bxe6 Rc1+ 21. Kh2 fxe6 22. a4 bxa4 23. Rxa4 Rxb1 24. Rxa6 Rxb4 25. Rxe6 Rbxd4 26. Re2 Rd2 27. Rxd2 Rxd2 28. Kg1 Kf7 29. Re5 Rd5 30. Rxd5 Nxd5 31. Kh2 Kf6 32. Kg3 h5 33. Kh4 g6 34. g4 g5+ 35. Kg3 h4+ 36. Kg2 Nf4+ 37. Kh2 Ke5 0-1

[Event "HUN-chT2 Maroczy 0607"]
[Site "Hungary"]
[Date "2007.04.29"]
[Round "9"]
[White "Juhasz, Mihaly"]
[Black "Medvegyne Balogh, Emese"]
[Result "1-0"]
[WhiteElo "2057"]
[BlackElo "2133"]
[PlyCount "67"]
[EventDate "2006.11.12"]
[EventType "team"]
[EventRounds "11"]
[EventCountry "HUN"]
[SourceTitle "EXT 2008"]
[Source "ChessBase"]
[SourceDate "2007.11.25"]
[SourceVersion "1"]
[SourceVersionDate "2007.11.25"]
[SourceQuality "1"]
[WhiteTeam "DEAC"]
[BlackTeam "Dunaharaszti"]
[WhiteTeamCountry "HUN"]
[BlackTeamCountry "HUN"]

1. g3 d5 2. Bg2 Nf6 3. d3 e6 4. Nc3 c5 5. e4 Nc6 6. Nge2 d4 7. Nb1 Be7 8. Nd2 e5 9. f4 Ng4 10. Nf3 exf4 11. Bxf4 Bd6 12. Bd2 0-0 13. 0-0 Qb6 14. b3 f5 15. Nh4 fxe4 16. Rxf8+ Bxf8 17. Bxe4 Qd8 18. h3 Nge5 19. Kg2 Be7 20. Nf5 Bf6 21. g4 Ng6 22. Neg3 Be5 23. Qf1 Be6 24. Qf2 Qd7 25. Rf1 Rf8 26. Qe1 Bb8 27. Nh5 Qc7 28. Qg3 Qd8 29. Qe1 Bxf5 30. gxf5 Nh4+ 31. Kh1 Re8 32. f6 Rxe4 33. Qxe4 Ng6 34. Qe6+ 1-0

[Event "HUN-chT2 Barcza 0506"]
[Site "Hungary"]
[Date "2005.10.30"]
[Round "2"]
[White "Kiss, Laszlo"]
[Black "Juhasz, Mihaly"]
[Result "1/2-1/2"]
[WhiteElo "2150"]
[BlackElo "2065"]
[PlyCount "27"]
[EventDate "2005.10.16"]
[EventType "team"]
[EventRounds "11"]
[EventCountry "HUN"]
[SourceTitle "EXT 2009"]
[Source "ChessBase"]
[SourceDate "2008.11.26"]
[SourceVersion "1"]
[SourceVersionDate "2008.11.26"]
[SourceQuality "1"]
[WhiteTeam "Hajduboszormeny II"]
[BlackTeam "DEAC"]
[WhiteTeamCountry "HUN"]
[BlackTeamCountry "HUN"]

1. d4 g6 2. c4 Bg7 3. g3 d6 4. Nf3 Nc6 5. Bg2 e5 6. d5 Nce7 7. e4 f5 8. exf5 gxf5 9. Nc3 Nf6 10. Ng5 0-0 11. 0-0 Ng6 12. f4 e4 13. Be3 h6 14. Nh3 1/2-1/2

[Event "HUN-chT2 Barcza 0405"]
[Site "Hungary"]
[Date "2005.01.23"]
[Round "6"]
[White "Antos, Zoltan"]
[Black "Juhasz, Mihaly"]
[Result "0-1"]
[WhiteElo "1902"]
[BlackElo "2071"]
[PlyCount "92"]
[EventDate "2004.09.26"]
[EventType "team"]
[EventRounds "11"]
[EventCountry "HUN"]
[SourceTitle "EXT 2009"]
[Source "ChessBase"]
[SourceDate "2008.11.26"]
[SourceVersion "1"]
[SourceVersionDate "2008.11.26"]
[SourceQuality "1"]
[WhiteTeam "Derecske"]
[BlackTeam "DEAC"]
[WhiteTeamCountry "HUN"]
[BlackTeamCountry "HUN"]

1. e4 g6 2. d4 Bg7 3. Nf3 d6 4. c4 Nc6 5. Be2 e5 6. d5 Nce7 7. Nc3 f5 8. 0-0 Nf6 9. Nd2 f4 10. b4 a5 11. Rb1 axb4 12. Rxb4 g5 13. Bh5+ Kf8 14. h3 b6 15. a4 Bd7 16. Ba3 Be8 17. Bxe8 Qxe8 18. Nb5 Qd7 19. Nf3 h6 20. Qe2 Ne8 21. Kh2 Bf6 22. g3 Ng6 23. Nd2 h5 24. Rfb1 g4 25. h4 Qe7 26. Nxc7 Qxc7 27. Rxb6 Be7 28. c5 Rxa4 29. Nc4 Rxa3 30. Nxa3 Qxc5 31. Nc4 Kg7 32. R6b5 Qd4 33. Rb6 Rf8 34. Rb7 fxg3+ 35. fxg3 Rf3 36. R1b2 Qc3 37. Rc2 Qd4 38. Qd2 Qc5 39. Kg2 Kg8 40. Rb1 Kf7 41. Rbb2 Kf8 42. Nb6 Qe3 43. Ra2 Rxg3+ 44. Kf1 Qd4 45. Qh2 Qd1+ 46. Kf2 Rf3+ 0-1

[Event "HUN-chT2 Barcza 0203"]
[Site "Hungary"]
[Date "2003.02.02"]
[Round "6"]
[White "Juhasz, Mihaly"]
[Black "Kiss, Antal"]
[Result "1/2-1/2"]
[WhiteElo "2079"]
[BlackElo "1737"]
[PlyCount "47"]
[EventDate "2002.09.22"]
[EventType "team"]
[EventRounds "11"]
[EventCountry "HUN"]
[SourceTitle "EXT 2009"]
[Source "ChessBase"]
[SourceDate "2008.11.26"]
[SourceVersion "1"]
[SourceVersionDate "2008.11.26"]
[SourceQuality "1"]

1. e4 c5 2. Nf3 d6 3. d4 cxd4 4. Nxd4 g6 5. Nc3 Nc6 6. Be3 Bg7 7. Qd2 Nf6 8. f3 0-0 9. Bc4 a6 10. g4 Ne5 11. Bb3 b5 12. 0-0-0 Bd7 13. h4 b4 14. Nd5 Nxd5 15. exd5 a5 16. Qe2 a4 17. Bc4 Qa5 18. Kb1 Nxc4 19. Qxc4 Rfc8 20. Nc6 Bxc6 21. dxc6 b3 22. Bd4 bxc2+ 23. Qxc2 Bxd4 24. Rxd4 1/2-1/2

[Event "HUN-chT2 9900"]
[Site "Hungary"]
[Date "2000.02.27"]
[Round "8"]
[White "Juhasz, Mihaly"]
[Black "Horvath, Julia"]
[Result "0-1"]
[WhiteElo "2134"]
[BlackElo "2261"]
[PlyCount "74"]
[EventDate "1999.09.26"]
[EventType "team"]
[EventRounds "11"]
[EventCountry "HUN"]
[SourceTitle "EXT 2002"]
[Source "ChessBase"]
[SourceDate "2001.11.25"]
[SourceVersion "1"]
[SourceVersionDate "2001.11.25"]
[SourceQuality "1"]

1. g3 f5 2. d4 Nf6 3. Bg2 g6 4. c4 Bg7 5. Nc3 d6 6. Nf3 0-0 7. 0-0 Nc6 8. e3 e5 9. d5 Ne7 10. e4 f4 11. h3 h6 12. Ne1 g5 13. g4 a6 14. f3 h5 15. Bd2 Rf7 16. Nd3 Bf8 17. Nf2 Rh7 18. Kh2 hxg4 19. fxg4 Ng6 20. Rh1 Be7 21. Kg1 Nh4 22. Kf1 Bd7 23. Bf3 Rh6 24. Ke2 Nh7 25. Nd3 Nxf3 26. Kxf3 Nf8 27. Ne1 Ng6 28. Kf2 Kg7 29. Nf3 c6 30. b3 Qb6+ 31. Kg2 Rah8 32. Qe2 Qc7 33. dxc6 bxc6 34. Rad1 Qc8 35. Rdg1 Bxg4 36. hxg4 Rxh1 37. Rxh1 Qxg4+ 0-1

[Event "HUN-chT2 9900"]
[Site "Hungary"]
[Date "1999.09.26"]
[Round "1"]
[White "Kun, Sandor"]
[Black "Juhasz, Mihaly"]
[Result "1-0"]
[WhiteElo "2074"]
[BlackElo "2134"]
[PlyCount "83"]
[EventDate "1999.09.26"]
[EventType "team"]
[EventRounds "11"]
[EventCountry "HUN"]
[SourceTitle "EXT 2002"]
[Source "ChessBase"]
[SourceDate "2001.11.25"]
[SourceVersion "1"]
[SourceVersionDate "2001.11.25"]
[SourceQuality "1"]

1. e4 g6 2. d4 Bg7 3. Nc3 c6 4. Bc4 d5 5. exd5 b5 6. Bb3 b4 7. Nce2 cxd5 8. Nf3 Nf6 9. 0-0 0-0 10. Ne5 a5 11. a3 a4 12. axb4 axb3 13. Rxa8 bxc2 14. Qxc2 Ba6 15. Bf4 Qb6 16. Ra1 Qb7 17. Nc3 Qxa8 18. b5 Qb7 19. Qa4 Bxb5 20. Qxb5 Qxb5 21. Nxb5 Nfd7 22. Nxd7 Nxd7 23. Ra7 Nb8 24. Rxe7 Nc6 25. Rd7 Ra8 26. Kf1 Ra1+ 27. Ke2 Ra2 28. Bc1 Nxd4+ 29. Nxd4 Bxd4 30. Rxd5 Bf6 31. Rb5 Kg7 32. Kd3 Ra4 33. Be3 Rg4 34. g3 h5 35. b3 Be7 36. Bf4 g5 37. h3 gxf4 38. hxg4 fxg3 39. fxg3 hxg4 40. Ke4 Bd6 41. Rg5+ Kh6 42. Rxg4 1-0

[Event "HUN-chT2 9899"]
[Site "Hungary"]
[Date "1999.??.??"]
[Round "?"]
[White "Engi, Tibor"]
[Black "Juhasz, Mihaly"]
[Result "1/2-1/2"]
[WhiteElo "2155"]
[BlackElo "2215"]
[PlyCount "78"]
[EventDate "1998.??.??"]
[EventType "team"]
[EventRounds "12"]
[EventCountry "HUN"]
[SourceTitle "EXT 2000"]
[Source "ChessBase"]
[SourceDate "1999.11.16"]
[SourceVersion "1"]
[SourceVersionDate "1999.11.16"]
[SourceQuality "1"]

1. d4 g6 2. c4 Bg7 3. Nf3 d6 4. g3 c5 5. d5 b5 6. cxb5 Qa5+ 7. Qd2 Qxb5 8. Nc3 Qa5 9. Bg2 Nf6 10. 0-0 Nbd7 11. Qc2 0-0 12. Re1 Rb8 13. Bd2 Qc7 14. Rab1 Nb6 15. e4 Nc4 16. Bc1 Qa5 17. Nd2 Nxd2 18. Bxd2 Ng4 19. Na4 Qd8 20. h3 Ne5 21. f4 Nd7 22. Bc3 Nb6 23. Bxg7 Kxg7 24. Nxb6 Qxb6 25. Kh2 Qa5 26. b3 Ba6 27. e5 Rfe8 28. Qb2 Kg8 29. exd6 exd6 30. Qf2 Bb5 31. Rbd1 Qc3 32. Rc1 Qb4 33. f5 gxf5 34. Rxe8+ Rxe8 35. Qxf5 Qd2 36. Rc2 Qh6 37. Rf2 Qg6 38. Qf4 Bd3 39. Qh4 Be4 1/2-1/2

[Event "HUN-chT2 9899"]
[Site "Hungary"]
[Date "1999.??.??"]
[Round "?"]
[White "Meszaros, Robert"]
[Black "Juhasz, Mihaly"]
[Result "1/2-1/2"]
[WhiteElo "2050"]
[BlackElo "2215"]
[PlyCount "90"]
[EventDate "1998.??.??"]
[EventType "team"]
[EventRounds "12"]
[EventCountry "HUN"]
[SourceTitle "EXT 2000"]
[Source "ChessBase"]
[SourceDate "1999.11.16"]
[SourceVersion "1"]
[SourceVersionDate "1999.11.16"]
[SourceQuality "1"]

1. e4 c5 2. Nf3 g6 3. c3 Bg7 4. d4 cxd4 5. cxd4 d5 6. e5 Nc6 7. Bd3 f6 8. Qa4 e6 9. Nc3 fxe5 10. dxe5 Nge7 11. Qf4 a6 12. 0-0 Qc7 13. Re1 Bd7 14. Bd2 0-0-0 15. Rac1 Rdf8 16. Qg3 Rxf3 17. gxf3 Bxe5 18. Rxe5 Qxe5 19. Qxe5 Nxe5 20. Nxd5+ N7c6 21. Ne7+ Kd8 22. Nxc6+ Bxc6 23. Bg5+ Kd7 24. Be2 Nxf3+ 25. Bxf3 Bxf3 26. Bf4 Bc6 27. Be5 Rf8 28. Rd1+ Kc8 29. f4 Rf5 30. h4 h6 31. Re1 Kd7 32. Kf2 g5 33. hxg5 hxg5 34. Kg3 Ke7 35. fxg5 Rxg5+ 36. Kf2 Kf7 37. a3 Kg6 38. Rg1 Rxg1 39. Kxg1 Kf5 40. Bc3 e5 41. Kf2 Kf4 42. Ke2 Bb5+ 43. Kd2 Ke4 44. Ba5 Kd4 45. Bc3+ Ke4 1/2-1/2

[Event "Balatonturist op"]
[Site "Balatonbereny"]
[Date "1997.??.??"]
[Round "2"]
[White "Juhasz, Mihaly"]
[Black "Ladanyi, Tibor"]
[Result "1/2-1/2"]
[WhiteElo "2240"]
[BlackElo "2280"]
[PlyCount "60"]
[EventDate "1997.??.??"]
[EventType "swiss"]
[EventRounds "9"]
[EventCountry "HUN"]
[SourceTitle "EXT 2001"]
[Source "ChessBase"]
[SourceDate "2000.11.22"]
[SourceVersion "1"]
[SourceVersionDate "2000.11.22"]
[SourceQuality "1"]

1. d4 Nf6 2. c4 g6 3. g3 c6 4. Bg2 d5 5. b3 Bg7 6. Nf3 Ne4 7. 0-0 0-0 8. Bb2 Be6 9. Nbd2 Nxd2 10. Nxd2 c5 11. cxd5 Bxd5 12. Nf3 Nc6 13. e3 Rc8 14. Re1 Be4 15. Re2 cxd4 16. Nxd4 Bxg2 17. Kxg2 Nxd4 18. Bxd4 Qd5+ 19. Kg1 Bxd4 20. exd4 e6 21. Re5 Qd6 22. Qd2 Rfd8 23. Rd1 Rd7 24. Qe2 Rcd8 25. Re4 Qb6 26. Qc4 Rc7 27. Qe2 Rdc8 28. d5 Rc2 29. Rd2 Rxd2 30. Qxd2 Rd8 1/2-1/2